| 000 | 01001cam a2200301 a 4500 | ||
|---|---|---|---|
| 001 | 4714043 | ||
| 003 | BD-DhUL | ||
| 005 | 20200224122608.0 | ||
| 008 | 830526s1984 enkb b 001 0 eng | ||
| 010 | _a 83007672 | ||
| 020 |
_a052124725X : _c£18.50 (est.) |
||
| 020 |
_a0521289173 (pbk.) : _c£5.95 (est.) |
||
| 040 |
_aDLC _cDLC _dDLC _dOCoLC _dDLC _dBD-DhUL |
||
| 041 | 1 | _aengfre | |
| 043 | _ae-fr--- | ||
| 050 | 0 | 0 |
_aDC148 _b.F7 1984 vol. 3 _aDC155 |
| 082 | 0 | 0 |
_a944.045 _bWOT |
| 100 | 1 | _aWoronoff, Denis. | |
| 240 | 1 | 0 |
_aRépublique bourgeoise de Thermidor à Brumaire, 1794-1799. _lEnglish |
| 245 | 1 | 4 |
_aThe Thermidorean regime and the directory, 1794-1799 / _cDenis Woronoff. |
| 260 |
_aNew York : _bEditions de la Maison des Sciences de l'Homme, _c1984. |
||
| 300 |
_axxi, 207 p. : _bill., maps ; _c22 cm. |
||
| 365 |
_aGBP _b18.50 |
||
| 440 | 4 |
_aThe French Revolution ; _v3 |
|
| 500 | _aIncludes index. | ||
| 651 | 0 |
_aFrance _xPolitics and government _y1789-1799. |
|
| 942 |
_2ddc _cBK |
||
| 999 |
_c87196 _d87196 |
||